[Event "Roncana op-C 5th"]
[Site "Santa Eulalia de Roncana"]
[Date "2011.11.26"]
[Round "8"]
[White "Diaz Vegara, Adrian"]
[Black "Fernandez Herrera, Aleix"]
[Result "0-1"]
[WhiteElo "1700"]
[BlackElo "1700"]
[PlyCount "69"]
[EventDate "2011.10.01"]
[EventType "swiss"]
[EventRounds "8"]
[EventCountry "ESP"]
[SourceTitle "EXT 2013"]
[Source "ChessBase"]
[SourceDate "2012.11.22"]
[SourceVersion "1"]
[SourceVersionDate "2012.11.22"]
[SourceQuality "1"]

1. e4 e5 2. Nf3 Nf6 3. Bb5 Bc5 4. Nc3 0-0 5. d3 Nc6 6. Bg5 Bb4 7. 0-0 Bxc3 8. bxc3 d6 9. Rb1 a6 10. Ba4 Be6 11. c4 a5 12. d4 Bxc4 13. Nd2 Bxf1 14. Kxf1 Nb4 15. a3 Nc6 16. d5 Nd4 17. c3 h6 18. Bxf6 Qxf6 19. Rxb7 Rab8 20. Rxc7 Nb5 21. Bxb5 Rxb5 22. Qa4 Rb2 23. Qd7 Qd8 24. Qc6 Rxd2 25. Rd7 Qe8 26. Qxd6 Rb2 27. g3 Qa8 28. f4 exf4 29. gxf4 Rbb8 30. Qe5 Rbd8 31. Re7 Rde8 32. d6 Rxe7 33. dxe7 Re8 34. Qd6 Kh8 35. e5 0-1

[Event "Roncana op-C 5th"]
[Site "Santa Eulalia de Roncana"]
[Date "2011.11.19"]
[Round "7"]
[White "Barato del Alamo, Alberto"]
[Black "Diaz Vegara, Adrian"]
[Result "0-1"]
[WhiteElo "1700"]
[BlackElo "1700"]
[PlyCount "50"]
[EventDate "2011.10.01"]
[EventType "swiss"]
[EventRounds "8"]
[EventCountry "ESP"]
[SourceTitle "EXT 2013"]
[Source "ChessBase"]
[SourceDate "2012.11.22"]
[SourceVersion "1"]
[SourceVersionDate "2012.11.22"]
[SourceQuality "1"]

1. d4 d5 2. Bf4 Bg4 3. h3 Bh5 4. g4 Bg6 5. Nf3 Be4 6. Nbd2 Nc6 7. e3 e6 8. c3 Nf6 9. Rg1 Bd6 10. Bxd6 cxd6 11. c4 dxc4 12. Ng5 h6 13. Ngxe4 Nd5 14. Nxc4 Ke7 15. Nexd6 Kd7 16. Nxf7 Qe7 17. Nxh8 Rxh8 18. Qa4 Ndb4 19. a3 a6 20. axb4 b5 21. Nb6+ Kc7 22. Qxa6 Qxb4+ 23. Ke2 Qxb2+ 24. Kf3 Rf8+ 25. Kg3 Qxf2# 0-1

[Event "Roncana op-C 5th"]
[Site "Santa Eulalia de Roncana"]
[Date "2011.10.08"]
[Round "2"]
[White "Parra Ordorica, Gorka"]
[Black "Diaz Vegara, Adrian"]
[Result "1-0"]
[WhiteElo "1739"]
[BlackElo "1700"]
[PlyCount "109"]
[EventDate "2011.10.01"]
[EventType "swiss"]
[EventRounds "8"]
[EventCountry "ESP"]
[SourceTitle "EXT 2013"]
[Source "ChessBase"]
[SourceDate "2012.11.22"]
[SourceVersion "1"]
[SourceVersionDate "2012.11.22"]
[SourceQuality "1"]

1. e4 e5 2. Nf3 Nc6 3. Nc3 Nf6 4. Bc4 Bc5 5. d3 d6 6. Bg5 h6 7. Bh4 g5 8. Bg3 h5 9. h3 h4 10. Bh2 Nd4 11. Nxg5 Ne6 12. Nxe6 fxe6 13. 0-0 a6 14. Re1 b5 15. Bb3 a5 16. a3 b4 17. Ba4+ Kf8 18. Qd2 bxc3 19. bxc3 c6 20. Qg5 Kf7 21. Bxc6 Ra6 22. Bb5 Rg8 23. Qxh4 Rh8 24. Qg5 Rg8 25. Qh6 Rh8 26. Qg5 Rb6 27. Bc4 d5 28. Rab1 dxc4 29. dxc4 Ba6 30. Red1 Qb8 31. Rbc1 Bxc4 32. Rd2 Rb1 33. Rcd1 Nxe4 34. Rd7+ Ke8 35. Rd8+ Qxd8 36. Qxd8+ Kf7 37. Qxh8 Ba2 38. Rxb1 Bxb1 39. Bxe5 Bxf2+ 40. Kh2 Bg3+ 41. Kh1 Bxe5 42. Qxe5 Bxc2 43. h4 Nxc3 44. h5 Nd5 45. h6 a4 46. Qg7+ Ke8 47. h7 Bxh7 48. Qxh7 Nf6 49. Qc7 Nd5 50. Qa7 e5 51. g4 Nf4 52. g5 e4 53. Kh2 Nd5 54. g6 Kf8 55. Qf7# 1-0